| 000 | 00936nam a22002775a 4500 | ||
|---|---|---|---|
| 008 | 120109t2007 maua frb 001 0 eng d | ||
| 020 | _a0131735160 | ||
| 020 | _a9780131735163 | ||
| 040 |
_aEG-ScBUE _beng _cEG-ScBUE |
||
| 082 | 0 | 4 |
_a658.872 _bLAU _222 |
| 100 | 1 |
_aLaudon, Kenneth C., _928278 |
|
| 245 | 1 | 0 |
_aE-commerce : _bbusiness, technology, society / _cKenneth C. Laudon, Carol Guercio Traver. |
| 250 | _a3rd ed. | ||
| 260 |
_aBoston : _bPearson/Addison Wesley, _cc.2007. |
||
| 300 |
_a[various pagings] : _bcol. ill. ; _c24 cm. |
||
| 500 | _aIndex. | ||
| 504 | _aIncludes bibliographical references. | ||
| 590 | _aMenna Elemam | ||
| 650 | 0 |
_aElectronic commerce. _928279 _2BUEsh |
|
| 650 | 0 |
_aInternet marketing. _928280 _2BUEsh |
|
| 650 | 0 |
_aInformation technology. _928281 _2BUEsh |
|
| 651 | _2BUEsh | ||
| 653 |
_bBUSECO _cAugust2015 |
||
| 700 | 1 |
_aTraver, Carol Guercio. _928282 |
|
| 942 |
_cTB _k658.872 LAU _2ddc |
||
| 999 |
_c7899 _d7899 |
||